书目信息 |
| 题名: |
工程力学简明教程
|
|
| 作者: | 冯晓九 主编 | |
| 分册: | ||
| 出版信息: | 哈尔滨 哈尔滨工业大学出版社 2010 |
|
| 页数: | 289页 | |
| 开本: | 26cm | |
| 丛书名: | ||
| 单 册: | ||
| 中图分类: | TB12 | |
| 科图分类: | ||
| 主题词: | 工程力学--高等学校--教材 , 工程力学 | |
| 电子资源: | ||
| ISBN: | 978-7-5603-2993-2 | |
| 000 | 00812nam0 2200229 450 | |
| 001 | 2338586309 | |
| 005 | 20231208104340.69 | |
| 010 | @a978-7-5603-2993-2@dCNY 32.00 | |
| 100 | @a20100713d2010 em y0chiy0110 ea | |
| 101 | 0 | @achi |
| 102 | @aCN@b230000 | |
| 105 | @aa z 000yy | |
| 200 | 1 | @a工程力学简明教程@Agong cheng li xue jian ming jiao cheng@f冯晓九主编 |
| 210 | @a哈尔滨@c哈尔滨工业大学出版社@d2010 | |
| 215 | @a289页@c图@d26cm | |
| 300 | @a本书内容包括:静力学基本概念与物体受力分析、平面汇交力系与平面力偶系、平面任意力系、空问力系、静力学在工程中的应用、轴向拉伸与压缩、扭转、弯曲内力、弯曲应力等。 | |
| 606 | 0 | @a工程力学@x高等学校@j教材 |
| 606 | 0 | @a工程力学 |
| 690 | @aTB12@v5 | |
| 701 | 0 | @a冯晓九@Afeng xiao jiu@f(1964~)@4主编 |
| 801 | 2 | @aCN@b辽宁北配@c20231205 |
| 905 | @aBZT@dTB12@e12 | |
| 工程力学简明教程/冯晓九主编.-哈尔滨:哈尔滨工业大学出版社,2010 |
| 289页:图;26cm |
| 本书内容包括:静力学基本概念与物体受力分析、平面汇交力系与平面力偶系、平面任意力系、空问力系、静力学在工程中的应用、轴向拉伸与压缩、扭转、弯曲内力、弯曲应力等。 |
| ISBN 978-7-5603-2993-2:CNY 32.00 |
| ● |
| 相关链接 |
|
|
|
正题名:工程力学简明教程
索取号:TB12/12
 
预约/预借
| 序号 | 登录号 | 条形码 | 馆藏地/架位号 | 状态 | 备注 |
| 1 | 2001555604 | 2001555604 | 辽三/辽宁北配(第三批)/1261/ [索取号:TB12/12] | 在馆 | |
| 2 | 2001555605 | 2001555605 | 辽三/辽宁北配(第三批)/1261/ [索取号:TB12/12] | 在馆 | |
| 3 | 2001555606 | 2001555606 | 辽三/辽宁北配(第三批)/1261/ [索取号:TB12/12] | 在馆 | |
| 4 | 2001555607 | 2001555607 | 辽三/辽宁北配(第三批)/1261/ [索取号:TB12/12] | 在馆 | |
| 5 | 2001555608 | 2001555608 | 辽三/辽宁北配(第三批)/1261/ [索取号:TB12/12] | 在馆 | |
| 6 | 2001555609 | 2001555609 | 辽三/辽宁北配(第三批)/1261/ [索取号:TB12/12] | 在馆 | |
| 7 | 2001555610 | 2001555610 | 辽三/辽宁北配(第三批)/1261/ [索取号:TB12/12] | 在馆 | |
| 8 | 2001555611 | 2001555611 | 辽三/辽宁北配(第三批)/1261/ [索取号:TB12/12] | 在馆 | |
| 9 | 2001555612 | 2001555612 | 辽三/辽宁北配(第三批)/1261/ [索取号:TB12/12] | 在馆 | |
| 10 | 2001555613 | 2001555613 | 辽三/辽宁北配(第三批)/1261/ [索取号:TB12/12] | 在馆 |